| 000 | 00399 a2200145 4500 | ||
|---|---|---|---|
| 005 | 20250319064955.0 | ||
| 020 | _a0-538-13080-6 | ||
| 082 | _a510. 65 GOS | ||
| 100 | _aGOSSAGE, L. C. | ||
| 245 | _aBusiness Mathematics: A College Course | ||
| 250 | _a2nd Ed. | ||
| 260 |
_aCincinnati, _bSouth-Western Publishing, _c1978. |
||
| 300 |
_aviii, 568p.: ill.; graph, table. _bIndex. _c24cm. |
||
| 942 |
_2ddc _cBKS |
||
| 999 |
_c909 _d909 |
||